Vzdelávanie - veda - spoločnosť zborník z 1. medzinárodnej vedeckej konferencie Univerzity J. Selyeho

Enregistré dans:
Détails bibliographiques
Collectivité auteur: Vzdelávanie - veda - spoločnosť. Medzinárodná vedecká konferencia
Autres auteurs: Nagy, Melinda, Balaton, Károly
Format: Livre
Langue:slovaque
hongrois
Publié: Komárno Univerzita Jánosa Selyeho v Komárne 2009
Sujets:
Tags: Ajouter un tag
Pas de tags, Soyez le premier à ajouter un tag!

MARC

LEADER 00000nlm$a2200000$$$4500
001 0100903
005 20240104120611.2
020 |a 978-80-89234-83-7 
041 0 |a slo 
041 0 |a hun 
044 |a SK 
245 1 0 |a Vzdelávanie - veda - spoločnosť  |b zborník z 1. medzinárodnej vedeckej konferencie Univerzity J. Selyeho  |c zostavovateľ: Melinda Nagy 
264 1 |a Komárno  |b Univerzita Jánosa Selyeho v Komárne  |c 2009 
300 |a CD-ROM 
610 2 0 |a vzdelávanie 
610 2 0 |a veda 
610 2 0 |a spoločnosť 
700 1 |a Nagy, Melinda 
700 1 |a Balaton, Károly 
110 2 |a Vzdelávanie - veda - spoločnosť. Medzinárodná vedecká konferencia